[Event "Hannover-ch U18"]
[Site "Lehrte"]
[Date "2010.10.09"]
[Round "1"]
[White "Kusmierek, Kasper Jan"]
[Black "Kuschnerus, Tessa"]
[Result "1/2-1/2"]
[WhiteElo "1549"]
[BlackElo "1204"]
[PlyCount "54"]
[EventDate "2010.10.09"]
[EventType "swiss"]
[EventRounds "7"]
[EventCountry "GER"]
[SourceTitle "EXT 2021"]
[Source "ChessBase"]
[SourceDate "2020.10.23"]
[SourceVersion "1"]
[SourceVersionDate "2020.10.23"]
[SourceQuality "1"]

1. e4 e5 2. Nc3 Nc6 3. Bc4 Bc5 4. Qg4 g6 5. Qf3 f6 6. h4 Nd4 7. Qd1 d6 8. h5 g5 9. h6 Ne7 10. Nge2 Nxe2 11. Qxe2 c6 12. Qf3 Ng6 13. d3 Rf8 14. Ne2 Bd7 15. Ng3 Qe7 16. Nf5 Bxf5 17. Qxf5 Nh4 18. Qg4 Kd8 19. g3 Ng6 20. Bd2 Bb6 21. 0-0-0 Kc7 22. Rdf1 Rad8 23. Rh2 Kb8 24. Rg2 d5 25. exd5 cxd5 26. Bb3 Qd7 27. Qe2 Qh3 1/2-1/2

[Event "Niedersachsen-ch U16"]
[Site "Rotenburg"]
[Date "2009.04.10"]
[Round "9"]
[White "Kusmierek, Kasper Jan"]
[Black "Chmelev, Alex"]
[Result "0-1"]
[WhiteElo "1835"]
[BlackElo "1840"]
[PlyCount "76"]
[EventDate "2009.04.04"]
[EventType "swiss"]
[EventRounds "9"]
[EventCountry "GER"]
[SourceTitle "EXT 2010"]
[Source "ChessBase"]
[SourceDate "2010.11.25"]
[SourceVersion "1"]
[SourceVersionDate "2010.11.25"]
[SourceQuality "1"]

1. e4 c5 2. c3 d5 3. exd5 Qxd5 4. d4 Nc6 5. Nf3 Bg4 6. Be2 Nf6 7. Be3 cxd4 8. cxd4 e6 9. 0-0 Be7 10. Nc3 Qa5 11. h3 Bh5 12. Qb3 Qb4 13. Qc2 Bg6 14. Qd2 0-0 15. a3 Qd6 16. Bf4 Qd8 17. Rfd1 Nd5 18. Bg3 Na5 19. Qe1 Nb3 20. Ra2 Bc2 21. Bd3 Bxd1 22. Qxd1 Na5 23. Qc2 Nf6 24. Qe2 Nc6 25. Qe3 a6 26. Ne4 Nxe4 27. Qxe4 g6 28. Qf4 Bf6 29. h4 Nxd4 30. h5 Nxf3+ 31. Qxf3 e5 32. hxg6 hxg6 33. Be4 Rb8 34. Bxb7 Rxb7 35. Qxb7 Qd1+ 36. Kh2 Qh5+ 37. Kg1 Qd1+ 38. Kh2 Kg7 0-1

[Event "Niedersachsen-ch U16"]
[Site "Rotenburg"]
[Date "2009.04.07"]
[Round "6"]
[White "Krause, Maximilian"]
[Black "Kusmierek, Kasper Jan"]
[Result "1-0"]
[WhiteElo "1545"]
[BlackElo "1835"]
[PlyCount "141"]
[EventDate "2009.04.04"]
[EventType "swiss"]
[EventRounds "9"]
[EventCountry "GER"]
[SourceTitle "EXT 2010"]
[Source "ChessBase"]
[SourceDate "2010.11.25"]
[SourceVersion "1"]
[SourceVersionDate "2010.11.25"]
[SourceQuality "1"]

1. d4 Nf6 2. c4 g6 3. Nc3 Bg7 4. Nf3 0-0 5. e4 d6 6. Be2 e5 7. 0-0 Nc6 8. d5 Ne7 9. h3 Ne8 10. Nh2 f5 11. f3 f4 12. Bd2 Nf6 13. Be1 g5 14. b4 h5 15. Rc1 Rf7 16. c5 Kh8 17. cxd6 cxd6 18. Bf2 Bf8 19. Nb5 Neg8 20. Qc2 Ne8 21. Rfd1 Rg7 22. Rd3 Nh6 23. Rc3 Bd7 24. Nc7 Nxc7 25. Rxc7 Rg8 26. Rxb7 g4 27. hxg4 hxg4 28. fxg4 Nxg4 29. Bxg4 Bxg4 30. Qc7 Qxc7 31. Rcxc7 Rg6 32. Nxg4 Rxg4 33. Rc4 Bh6 34. Rd7 Rg6 35. Rc6 Bf8 36. Rcc7 a6 37. a4 Rb8 38. Rb7 Rc8 39. Rdc7 Ra8 40. Rc3 Kg8 41. a5 Rg4 42. Kf1 Rg7 43. Rxg7+ Bxg7 44. Rc6 Bf8 45. Bb6 Be7 46. Bc7 Rc8 47. Bb6 Rb8 48. Kf2 Kf7 49. Rc7 Ra8 50. Rc2 Ke8 51. Ke2 Kd7 52. Kd3 Bd8 53. Bf2 Rb8 54. Be1 Rb7 55. Rc6 Ra7 56. g3 fxg3 57. Bxg3 Ra8 58. Bf2 Rb8 59. Kc4 Ra8 60. Kd3 Rb8 61. Kc3 Ra8 62. Kc4 Bc7 63. Bb6 Bxb6 64. axb6 Rc8 65. b5 axb5+ 66. Kxb5 Ra8 67. b7 Ra1 68. Kb6 Rb1+ 69. Ka7 Ra1+ 70. Ra6 Rb1 71. b8Q 1-0

[Event "Hannover-ch U16"]
[Site "Lehrte"]
[Date "2008.10.14"]
[Round "7"]
[White "Kusmierek, Kasper Jan"]
[Black "Nuelle, Christoph"]
[Result "1/2-1/2"]
[WhiteElo "1531"]
[BlackElo "1413"]
[PlyCount "49"]
[EventDate "2008.10.11"]
[EventType "swiss"]
[EventRounds "7"]
[EventCountry "GER"]
[SourceTitle "EXT 2021"]
[Source "ChessBase"]
[SourceDate "2020.10.23"]
[SourceVersion "1"]
[SourceVersionDate "2020.10.23"]
[SourceQuality "1"]

1. e4 e6 2. d4 d5 3. exd5 exd5 4. c4 Nf6 5. Nc3 c6 6. Nf3 Bf5 7. Bg5 Be7 8. Bxf6 Bxf6 9. cxd5 cxd5 10. Qb3 Qe7+ 11. Be2 Be6 12. Nxd5 Bxd5 13. Qxd5 Qb4+ 14. Kf1 0-0 15. Qb5 Qxb5 16. Bxb5 Rd8 17. Rd1 a6 18. Ba4 b5 19. Bb3 Nc6 20. d5 Ne7 21. Rd2 a5 22. a3 Rab8 23. g3 a4 24. Ba2 b4 25. axb4 1/2-1/2

[Event "Hannover-ch U16"]
[Site "Lehrte"]
[Date "2008.10.12"]
[Round "3"]
[White "Kusmierek, Kasper Jan"]
[Black "Essmann, Julian"]
[Result "1/2-1/2"]
[WhiteElo "1531"]
[BlackElo "1337"]
[PlyCount "70"]
[EventDate "2008.10.11"]
[EventType "swiss"]
[EventRounds "7"]
[EventCountry "GER"]
[SourceTitle "EXT 2021"]
[Source "ChessBase"]
[SourceDate "2020.10.23"]
[SourceVersion "1"]
[SourceVersionDate "2020.10.23"]
[SourceQuality "1"]

1. e4 e5 2. Nc3 Nf6 3. f4 d6 4. Nf3 exf4 5. d4 Bg4 6. Bxf4 Nc6 7. Bb5 a6 8. Bxc6+ bxc6 9. h3 Bh5 10. 0-0 Be7 11. Qe1 0-0 12. e5 Nd5 13. Nxd5 cxd5 14. Qg3 Bg6 15. c3 Rb8 16. b3 Rb6 17. Rac1 Kh8 18. Kh1 f6 19. Rcd1 Rc6 20. Rc1 dxe5 21. dxe5 Ba3 22. Nd4 Bxc1 23. Nxc6 Bxf4 24. Qxf4 Qe8 25. Nb4 c6 26. exf6 Rxf6 27. Qc1 a5 28. Rxf6 gxf6 29. Nc2 Be4 30. Ne3 Qe6 31. Ng4 f5 32. Nf2 Qd6 33. Nxe4 fxe4 34. Qe3 Qe5 35. Kg1 Kg7 1/2-1/2

[Event "Kochan Memorial op 19th"]
[Site "Koszalin"]
[Date "2008.08.06"]
[Round "3"]
[White "Kusmierek, Kasper Jan"]
[Black "Przerwa, Waldemar"]
[Result "1/2-1/2"]
[WhiteElo "1824"]
[BlackElo "1889"]
[PlyCount "47"]
[EventDate "2008.08.04"]
[EventType "swiss"]
[EventRounds "9"]
[EventCountry "POL"]
[SourceTitle "CBM 125 Extra"]
[Source "ChessBase"]
[SourceDate "2008.09.01"]
[SourceVersion "1"]
[SourceVersionDate "2008.09.01"]
[SourceQuality "1"]

1. e4 c6 2. Nf3 d5 3. Nc3 dxe4 4. Nxe4 Bg4 5. h3 Bh5 6. Ng3 Bg6 7. h4 h6 8. Ne5 Bh7 9. Qh5 g6 10. Qf3 f6 11. Ng4 Qd5 12. Qf4 Qe6+ 13. Ne3 Nd7 14. Qb4 Nb6 15. a4 Rb8 16. a5 Nd5 17. Qb3 f5 18. Ne2 Bg7 19. Nxd5 cxd5 20. Qb5+ Qc6 21. Qb3 Qd6 22. Qb5+ Kf7 23. Kd1 Qc6 24. Qb3 1/2-1/2

[Event "Kochan Memorial op 19th"]
[Site "Koszalin"]
[Date "2008.08.05"]
[Round "2"]
[White "Iwanow, Anna"]
[Black "Kusmierek, Kasper Jan"]
[Result "1/2-1/2"]
[WhiteElo "1979"]
[BlackElo "1824"]
[PlyCount "123"]
[EventDate "2008.08.04"]
[EventType "swiss"]
[EventRounds "9"]
[EventCountry "POL"]
[SourceTitle "CBM 125 Extra"]
[Source "ChessBase"]
[SourceDate "2008.09.01"]
[SourceVersion "1"]
[SourceVersionDate "2008.09.01"]
[SourceQuality "1"]

1. e4 e6 2. d4 d5 3. Nc3 Bb4 4. e5 c5 5. a3 Bxc3+ 6. bxc3 Nc6 7. Qg4 Nge7 8. Bd3 c4 9. Be2 Qa5 10. Bd2 Nf5 11. f4 Qa4 12. Bd1 b5 13. Nf3 a5 14. 0-0 b4 15. Qh3 bxc3 16. Bxc3 Ne3 17. Re1 Nxd1 18. Rexd1 Qxc2 19. Rdc1 Qb3 20. Nh4 Qb6 21. Rd1 Qa7 22. Ra2 Rb8 23. Rb2 Rxb2 24. Bxb2 Qb6 25. Bc1 Nxd4 26. Be3 Ne2+ 27. Kf1 Qb2 28. Qg4 Nc3 29. Bd4 Qxa3 30. Qxg7 Nxd1 31. Qxh8+ Kd7 32. Qg8 Qd3+ 33. Ke1 Qxd4 34. Qxf7+ Kc6 35. Nf3 Qa1 36. Qe8+ Kc7 37. Qe7+ Kb8 38. Qd6+ Kb7 39. Qe7+ Ka8 40. Qd8 Nc3+ 41. Kf2 Ne4+ 42. Ke2 Qb2+ 43. Ke1 Qb1+ 44. Ke2 Qd3+ 45. Ke1 Qe3+ 46. Kd1 Nc3+ 47. Kc2 Qd3+ 48. Kb2 Na4+ 49. Kc1 Qa3+ 50. Kd1 Qc5 51. Kc2 Qf2+ 52. Nd2 Qc5 53. Nf3 Nb6 54. f5 Qf2+ 55. Kd1 Qf1+ 56. Kc2 Qd3+ 57. Kc1 Qe3+ 58. Kd1 Qd3+ 59. Kc1 Qc3+ 60. Kd1 Qd3+ 61. Kc1 Qf1+ 62. Kc2 1/2-1/2

[Event "Niedersachsen-ch U14"]
[Site "Rotenburg"]
[Date "2008.03.18"]
[Round "5"]
[White "Grigorian, Spartak"]
[Black "Kusmierek, Kasper Jan"]
[Result "1/2-1/2"]
[WhiteElo "1418"]
[BlackElo "1824"]
[PlyCount "92"]
[EventDate "2008.03.15"]
[EventType "swiss"]
[EventRounds "9"]
[EventCountry "GER"]
[SourceTitle "EXT 2009"]
[Source "ChessBase"]
[SourceDate "2008.11.26"]
[SourceVersion "1"]
[SourceVersionDate "2008.11.26"]
[SourceQuality "1"]

1. Nf3 Nf6 2. c4 g6 3. Nc3 Bg7 4. e4 d6 5. d4 0-0 6. Be2 e5 7. 0-0 Nc6 8. d5 Ne7 9. b4 Ne8 10. Nd2 f5 11. f3 f4 12. c5 g5 13. Ba3 h5 14. Kf2 Ng6 15. Nc4 g4 16. g3 fxg3+ 17. hxg3 gxf3 18. Bxf3 Bh3 19. Re1 Bg4 20. Re3 Bh6 21. Rd3 Qf6 22. Kg2 Qg5 23. Bxg4 hxg4 24. Bc1 Qh5 25. Bxh6 Qh3+ 26. Kg1 Qxh6 27. Qxg4 Nf6 28. Qe2 Qg5 29. Kh1 Rf7 30. Kg1 Nf4 31. Qe3 Ng4 32. gxf4 Nxe3+ 33. fxg5 Nxc4 34. Rc1 a6 35. Na4 b5 36. cxb6 Nxb6 37. Nxb6 cxb6 38. Rc6 a5 39. b5 Rf4 40. Rxd6 Rxe4 41. g6 Rc8 42. Rxb6 Rc2 43. Rf3 Re1+ 44. Rf1 Ree2 45. Rf7 Re1+ 46. Rf1 Ree2 1/2-1/2

[Event "Hannover-ch U14"]
[Site "Bueckeburg"]
[Date "2007.11.04"]
[Round "7"]
[White "Kusmierek, Kasper Jan"]
[Black "Krause, Maximilian"]
[Result "0-1"]
[WhiteElo "1577"]
[BlackElo "1362"]
[PlyCount "70"]
[EventDate "2007.11.01"]
[EventType "swiss"]
[EventRounds "7"]
[EventCountry "GER"]
[SourceTitle "EXT 2021"]
[Source "ChessBase"]
[SourceDate "2020.10.23"]
[SourceVersion "1"]
[SourceVersionDate "2020.10.23"]
[SourceQuality "1"]

1. e4 c5 2. c3 Nf6 3. e5 Nd5 4. d4 cxd4 5. cxd4 e6 6. Nc3 Bb4 7. Bd2 Bxc3 8. bxc3 d6 9. Qg4 g6 10. f4 Nc6 11. Nf3 Nde7 12. Ng5 d5 13. Qh3 h6 14. Bd3 Nf5 15. g4 Ke7 16. gxf5 hxg5 17. f6+ Kd7 18. Qf1 gxf4 19. c4 dxc4 20. Bxc4 Kc7 21. d5 exd5 22. Bxf4 Be6 23. Bb5 Qf8 24. Bxc6 bxc6 25. Bd2 Rh5 26. Ba5+ Kd7 27. Qf4 Qb8 28. Bc3 Qb5 29. Qc1 Bg4 30. Qd2 Qc4 31. Bd4 c5 32. Bb2 Qe4+ 33. Kf2 Qf3+ 34. Kg1 Bh3 35. Re1 Rf5 0-1

[Event "Hannover-ch U14"]
[Site "Bueckeburg"]
[Date "2007.11.02"]
[Round "4"]
[White "Kusmierek, Kasper Jan"]
[Black "Choufatinski, Dimitri"]
[Result "1-0"]
[WhiteElo "1577"]
[BlackElo "1342"]
[PlyCount "59"]
[EventDate "2007.11.01"]
[EventType "swiss"]
[EventRounds "7"]
[EventCountry "GER"]
[SourceTitle "EXT 2021"]
[Source "ChessBase"]
[SourceDate "2020.10.23"]
[SourceVersion "1"]
[SourceVersionDate "2020.10.23"]
[SourceQuality "1"]

1. e4 c6 2. Nc3 d5 3. Nf3 dxe4 4. Nxe4 Bf5 5. Ng3 Bg6 6. h4 h6 7. Ne5 Bh7 8. Qh5 g6 9. Qf3 Qd5 10. Qxd5 cxd5 11. Bb5+ Nc6 12. Nxc6 bxc6 13. Bxc6+ Kd8 14. Bxa8 e6 15. Bb7 Bg7 16. c3 Ne7 17. d4 Kd7 18. Ba6 f6 19. Bd3 e5 20. dxe5 fxe5 21. Be3 d4 22. Bd2 Rb8 23. 0-0-0 Bg8 24. b3 dxc3 25. Bxc3 Ke8 26. Rhe1 Rc8 27. Kb2 Rc5 28. Ne4 Rd5 29. f4 Nc6 30. Bb5 1-0

[Event "Niedersachsen-ch U14"]
[Site "Rotenburg/Wuemme"]
[Date "2007.04.05"]
[Round "8"]
[White "Muermans, Ansgar"]
[Black "Kusmierek, Kasper Jan"]
[Result "0-1"]
[WhiteElo "708"]
[BlackElo "1610"]
[PlyCount "112"]
[EventDate "2007.03.31"]
[EventType "swiss"]
[EventRounds "9"]
[EventCountry "GER"]
[SourceTitle "EXT 2008"]
[Source "ChessBase"]
[SourceDate "2007.11.25"]
[SourceVersion "1"]
[SourceVersionDate "2007.11.25"]
[SourceQuality "1"]

1. e4 e6 2. d3 d5 3. Nd2 Nf6 4. Qe2 Be7 5. Ngf3 c5 6. g3 Nc6 7. Bg2 0-0 8. 0-0 b6 9. Re1 a5 10. h4 Bb7 11. Nf1 Ba6 12. e5 Nd7 13. Bf4 Re8 14. N1h2 b5 15. Ng4 h6 16. h5 c4 17. d4 b4 18. Qd2 Bf8 19. Nh4 c3 20. bxc3 bxc3 21. Qxc3 Bb4 22. Qxc6 Bxe1 23. Rxe1 Bc4 24. a4 Ra6 25. Qb7 Rb6 26. Qa7 Rb8 27. Bf1 Re7 28. Bxc4 Nb6 29. Qxa5 Nxc4 30. Qxd8+ Rxd8 31. Be3 Ra7 32. Ra1 Rc8 33. f4 Nb2 34. a5 Nc4 35. a6 Rca8 36. f5 Rxa6 37. Rxa6 Rxa6 38. fxe6 fxe6 39. Ng6 Ra3 40. Bf4 Rc3 41. Ne7+ Kf7 42. Ng6 Rxc2 43. Ne3 Nxe3 44. Bxe3 Re2 45. Bf2 Rd2 46. Be3 Re2 47. Bf2 Rc2 48. Be3 Rb2 49. g4 Re2 50. Bc1 Re1+ 51. Kg2 Rxc1 52. Nh8+ Ke8 53. Kg3 Rc4 54. Kh4 Rxd4 55. Ng6 Re4 56. Kh3 d4 0-1

[Event "Niedersachsen-ch U14"]
[Site "Rotenburg/Wuemme"]
[Date "2007.04.01"]
[Round "3"]
[White "Kusmierek, Kasper Jan"]
[Black "Frank, Christian"]
[Result "1/2-1/2"]
[WhiteElo "1610"]
[BlackElo "1464"]
[PlyCount "37"]
[EventDate "2007.03.31"]
[EventType "swiss"]
[EventRounds "9"]
[EventCountry "GER"]
[SourceTitle "EXT 2008"]
[Source "ChessBase"]
[SourceDate "2007.11.25"]
[SourceVersion "1"]
[SourceVersionDate "2007.11.25"]
[SourceQuality "1"]

1. e4 Nf6 2. e5 Nd5 3. d4 d6 4. c4 Nb6 5. exd6 exd6 6. Nc3 Be7 7. h3 0-0 8. Nf3 Re8 9. Be2 Bf6 10. 0-0 Bf5 11. Be3 Nc6 12. b3 d5 13. c5 Nc8 14. a3 b6 15. cxb6 cxb6 16. Rc1 N8e7 17. Nh2 g6 18. Bf3 Be6 19. Ng4 1/2-1/2

[Event "Niedersachsen-ch U14"]
[Site "Rotenburg/Wuemme"]
[Date "2007.04.01"]
[Round "2"]
[White "Petkidis, Anthony"]
[Black "Kusmierek, Kasper Jan"]
[Result "1-0"]
[WhiteElo "1985"]
[BlackElo "1610"]
[PlyCount "47"]
[EventDate "2007.03.31"]
[EventType "swiss"]
[EventRounds "9"]
[EventCountry "GER"]
[SourceTitle "EXT 2008"]
[Source "ChessBase"]
[SourceDate "2007.11.25"]
[SourceVersion "1"]
[SourceVersionDate "2007.11.25"]
[SourceQuality "1"]

1. e4 e6 2. d4 d5 3. Nd2 c5 4. c3 Nc6 5. Ngf3 Qb6 6. exd5 exd5 7. Qe2+ Be7 8. dxc5 Qxc5 9. Nb3 Qd6 10. Qd3 Nf6 11. Be2 0-0 12. 0-0 Qc7 13. h3 Bd6 14. Bg5 Re8 15. Bxf6 gxf6 16. Bd1 Ne7 17. Nbd4 a6 18. Bc2 Ng6 19. Nf5 Nf4 20. Nh6+ Kf8 21. Qxh7 Be6 22. Rfe1 Be5 23. Bf5 Bxf5 24. Nxf5 1-0

[Event "Hannover-ch U14"]
[Site "Lehrte"]
[Date "2006.10.16"]
[Round "6"]
[White "Fedderke, Christoph"]
[Black "Kusmierek, Kasper Jan"]
[Result "0-1"]
[WhiteElo "1093"]
[BlackElo "1472"]
[PlyCount "70"]
[EventDate "2006.10.14"]
[EventType "swiss"]
[EventRounds "7"]
[EventCountry "GER"]
[SourceTitle "EXT 2021"]
[Source "ChessBase"]
[SourceDate "2020.10.23"]
[SourceVersion "1"]
[SourceVersionDate "2020.10.23"]
[SourceQuality "1"]

1. d4 Nf6 2. c4 g6 3. Nf3 Bg7 4. g3 d6 5. Bg2 0-0 6. 0-0 Nbd7 7. Nbd2 e5 8. d5 a5 9. b3 Nc5 10. Bb2 Nh5 11. e4 f5 12. Re1 Nd3 13. Re2 Nxb2 14. Qc2 Nxc4 15. bxc4 f4 16. Rf1 Bd7 17. a4 g5 18. h3 fxg3 19. fxg3 Nxg3 20. Ref2 Nxf1 21. Rxf1 h6 22. Qb3 Qc8 23. Kh2 Ra6 24. Qa2 Rb6 25. Rc1 Qe8 26. c5 Rb4 27. cxd6 cxd6 28. Nc4 Rf6 29. Qd2 Bxa4 30. Nxa5 Qb5 31. Nc4 Rxc4 32. Bf1 Rxc1 33. Bxb5 Rc2 34. Bxa4 Rxd2+ 35. Nxd2 Rf2+ 0-1

[Event "Hannover-ch U14"]
[Site "Lehrte"]
[Date "2006.10.14"]
[Round "1"]
[White "Essmann, Julian"]
[Black "Kusmierek, Kasper Jan"]
[Result "0-1"]
[WhiteElo "820"]
[BlackElo "1472"]
[PlyCount "118"]
[EventDate "2006.10.14"]
[EventType "swiss"]
[EventRounds "7"]
[EventCountry "GER"]
[SourceTitle "EXT 2021"]
[Source "ChessBase"]
[SourceDate "2020.10.23"]
[SourceVersion "1"]
[SourceVersionDate "2020.10.23"]
[SourceQuality "1"]

1. e4 e6 2. Nf3 d5 3. e5 c5 4. Bb5+ Nc6 5. Bxc6+ bxc6 6. d3 Ba6 7. b3 Ne7 8. Ba3 Ng6 9. Nc3 Qa5 10. Bb2 d4 11. Qd2 dxc3 12. Bxc3 Qc7 13. 0-0 Be7 14. Rfe1 0-0 15. Ba5 Qd7 16. h3 Bd8 17. Rab1 Bc7 18. Qc3 Bb6 19. a4 Qc7 20. b4 cxb4 21. Bxb4 c5 22. Ba3 Rfc8 23. Rbc1 Ba5 24. Qb2 Bxe1 25. Rxe1 Rab8 26. Qc1 Qa5 27. Rd1 Qxa4 28. d4 cxd4 29. Nxd4 Rd8 30. Bd6 Rbc8 31. Qa1 Qc4 32. Qb2 f6 33. Qb3 Qxb3 34. cxb3 Kf7 35. f4 Nxf4 36. b4 fxe5 37. Bxe5 Ne2+ 38. Kf2 Nxd4 39. Bxd4 e5 40. Ra1 Rxd4 41. Rxa6 Rc7 42. b5 Rb4 43. Ra5 Rb7 44. b6 R4xb6 45. Rxe5 Rb5 46. Re4 a5 47. Ra4 Ra7 48. Rf4+ Ke6 49. g4 a4 50. Re4+ Kd5 51. Kf3 a3 52. Re2 a2 53. Rxa2 Rxa2 54. g5 Rb4 55. Ke3 Ra3+ 56. Kd2 Rxh3 57. Kc2 Rg4 58. Kd2 Rg2+ 59. Ke1 Rh1# 0-1

[Event "GER-ch U12"]
[Site "Willingen"]
[Date "2006.06.09"]
[Round "10"]
[White "Schubert, Torsten"]
[Black "Kusmierek, Kasper Jan"]
[Result "1/2-1/2"]
[WhiteElo "1347"]
[BlackElo "1475"]
[PlyCount "98"]
[EventDate "2006.06.03"]
[EventType "swiss"]
[EventRounds "11"]
[EventCountry "GER"]
[SourceTitle "EXT 2007"]
[Source "ChessBase"]
[SourceDate "2006.11.23"]
[SourceVersion "1"]
[SourceVersionDate "2006.11.23"]
[SourceQuality "1"]

1. e4 e6 2. d4 d5 3. e5 c5 4. Nf3 Qb6 5. c3 Nc6 6. a3 Nge7 7. b4 cxd4 8. cxd4 Nf5 9. Be3 Bd7 10. Nc3 Rc8 11. Na4 Qc7 12. Rc1 Qd8 13. Be2 Be7 14. 0-0 0-0 15. Nc5 b6 16. Nd3 f6 17. Nf4 fxe5 18. dxe5 Nxe3 19. fxe3 Bg5 20. Qd2 Be7 21. Nd4 Nxd4 22. exd4 Rxc1 23. Qxc1 Bg5 24. g3 Qc8 25. Qb2 Qd8 26. Qc2 Qc8 27. Qb2 Qe8 28. Qc2 Bxf4 29. Rxf4 Rxf4 30. gxf4 Qd8 31. Bd3 h6 32. Qf2 Qe7 33. Qg2 Be8 34. Bg6 Bxg6 35. Qxg6 Qf7 36. Qg4 g6 37. Qh4 Kg7 38. Kg2 b5 39. Kg3 Qc7 40. Qf6+ Kh7 41. Kg4 Qc2 42. Qf7+ Kh8 43. Qf8+ Kh7 44. Qf7+ Kh8 45. Qf8+ Kh7 46. Qf7+ Kh8 47. Qf8+ Kh7 48. Qf7+ Kh8 49. Qf8+ Kh7 1/2-1/2

[Event "GER-ch U12"]
[Site "Willingen"]
[Date "2006.06.07"]
[Round "8"]
[White "Kusmierek, Kasper Jan"]
[Black "Mueller, Tobias"]
[Result "0-1"]
[WhiteElo "1475"]
[BlackElo "1620"]
[PlyCount "130"]
[EventDate "2006.06.03"]
[EventType "swiss"]
[EventRounds "11"]
[EventCountry "GER"]
[SourceTitle "EXT 2007"]
[Source "ChessBase"]
[SourceDate "2006.11.23"]
[SourceVersion "1"]
[SourceVersionDate "2006.11.23"]
[SourceQuality "1"]

1. e4 c5 2. c3 Nf6 3. e5 Nd5 4. d4 cxd4 5. cxd4 e6 6. Nf3 d6 7. Bc4 Nb6 8. Bd3 Bd7 9. Nc3 Bc6 10. 0-0 N8d7 11. Bf4 dxe5 12. dxe5 Nd5 13. Nxd5 Bxd5 14. Re1 Be7 15. Be4 Nb6 16. Nd2 0-0 17. Bxd5 Nxd5 18. Bg3 Rc8 19. Rc1 Rxc1 20. Qxc1 Bg5 21. Qd1 Bxd2 22. Qxd2 Qb6 23. Rc1 Rd8 24. Bh4 Re8 25. b3 h6 26. h3 Qb5 27. g4 Qd7 28. g5 hxg5 29. Bxg5 Rc8 30. Rxc8+ Qxc8 31. Qd4 b6 32. Qg4 Qc3 33. Qg3 Qa1+ 34. Kh2 Qxa2 35. Bf6 Nxf6 36. exf6 g6 37. h4 Qb2 38. Qf3 Kh7 39. Kg2 Qd4 40. Kh3 Qe5 41. Kg2 Qd5 42. Kg3 Qxf3+ 43. Kxf3 a5 44. Ke4 b5 45. Kd3 a4 46. b4 Kh6 47. Kd4 Kh5 48. Kc5 a3 49. Kd6 a2 50. Ke7 a1Q 51. Kxf7 Qa7+ 52. Kg8 Qxf2 53. f7 Kxh4 54. f8Q Qxf8+ 55. Kxf8 g5 56. Ke7 g4 57. Kd6 g3 58. Kc5 g2 59. Kxb5 g1Q 60. Ka6 e5 61. b5 e4 62. b6 Qxb6+ 63. Kxb6 e3 64. Kc5 e2 65. Kd4 e1Q 0-1

[Event "Niedersachsen-ch U12"]
[Site "Rotenburg/Wuemme"]
[Date "2006.04.13"]
[Round "9"]
[White "Kusmierek, Kasper Jan"]
[Black "Thumulka, Patrick"]
[Result "0-1"]
[WhiteElo "1564"]
[BlackElo "1478"]
[PlyCount "120"]
[EventDate "2006.04.08"]
[EventType "swiss"]
[EventRounds "11"]
[EventCountry "GER"]
[SourceTitle "EXT 2007"]
[Source "ChessBase"]
[SourceDate "2006.11.23"]
[SourceVersion "1"]
[SourceVersionDate "2006.11.23"]
[SourceQuality "1"]

1. e4 e6 2. d4 d5 3. exd5 exd5 4. c4 Nf6 5. Nc3 Be7 6. Nf3 Nc6 7. Be2 0-0 8. 0-0 Bg4 9. Re1 dxc4 10. h3 Bh5 11. Be3 Re8 12. Rc1 Rb8 13. d5 Bxf3 14. Bxf3 Nb4 15. Bxa7 Ra8 16. Be3 Nd3 17. Qd2 Nxe1 18. Rxe1 Bb4 19. a3 Bxc3 20. Qxc3 Nxd5 21. Qxc4 Nxe3 22. Rxe3 Rxe3 23. fxe3 Rb8 24. b3 c6 25. a4 g6 26. Qb4 Kg7 27. Qc5 f6 28. Qb4 Qe8 29. Qf4 Rd8 30. Qc7+ Rd7 31. Qb6 Qe5 32. Kf1 f5 33. Kg1 f4 34. exf4 Qd4+ 35. Qxd4+ Rxd4 36. g3 Rd3 37. Kf2 Rxb3 38. Bd1 Ra3 39. h4 b5 40. axb5 cxb5 41. Be2 b4 42. Bd1 b3 43. Kg2 b2 44. Bc2 Rc3 45. Bb1 Rc1 46. Bd3 b1Q 47. Bxb1 Rxb1 48. Kf3 Kf6 49. Kg4 h5+ 50. Kh3 Kf5 51. Kg2 Kg4 52. Kf2 Rb2+ 53. Ke3 Rb3+ 54. Ke4 Rxg3 55. Ke5 Rf3 56. f5 Rxf5+ 57. Ke4 Kxh4 58. Ke3 Kg3 59. Ke4 h4 60. Ke3 Re5+ 0-1

[Event "Niedersachsen-ch U12"]
[Site "Rotenburg/Wuemme"]
[Date "2006.04.11"]
[Round "5"]
[White "Lebek, Ricarda"]
[Black "Kusmierek, Kasper Jan"]
[Result "1/2-1/2"]
[WhiteElo "1588"]
[BlackElo "1564"]
[PlyCount "74"]
[EventDate "2006.04.08"]
[EventType "swiss"]
[EventRounds "11"]
[EventCountry "GER"]
[SourceTitle "EXT 2007"]
[Source "ChessBase"]
[SourceDate "2006.11.23"]
[SourceVersion "1"]
[SourceVersionDate "2006.11.23"]
[SourceQuality "1"]

1. e4 e6 2. d4 d5 3. e5 c5 4. c3 Qb6 5. Nf3 Nc6 6. a3 Bd7 7. b4 cxd4 8. cxd4 Nge7 9. Nc3 Nf5 10. Na4 Qc7 11. Bb2 a6 12. Rc1 Rc8 13. Bd3 Qd8 14. 0-0 Ncxd4 15. Nc5 Nxf3+ 16. Qxf3 Bxc5 17. bxc5 Ne7 18. h4 Qc7 19. Qg3 g6 20. h5 Qa5 21. Qe3 Bb5 22. Rfd1 Bxd3 23. Rxd3 Nf5 24. Qh3 Rxc5 25. Rxc5 Qxc5 26. Rc3 Qb5 27. Rc8+ Ke7 28. Rxh8 Qxb2 29. Rxh7 Qa1+ 30. Kh2 Qxe5+ 31. g3 gxh5 32. Qxh5 Qf6 33. Kg2 b5 34. Rh8 Qb2 35. Qg5+ Kd6 36. Qf4+ Kd7 37. Rh7 Nd6 1/2-1/2

[Event "Niedersachsen-ch U12"]
[Site "Rotenburg/Wuemme"]
[Date "2006.04.10"]
[Round "4"]
[White "Kusmierek, Kasper Jan"]
[Black "Petkidis, Anthony"]
[Result "1/2-1/2"]
[WhiteElo "1564"]
[BlackElo "1659"]
[PlyCount "55"]
[EventDate "2006.04.08"]
[EventType "swiss"]
[EventRounds "11"]
[EventCountry "GER"]
[SourceTitle "EXT 2007"]
[Source "ChessBase"]
[SourceDate "2006.11.23"]
[SourceVersion "1"]
[SourceVersionDate "2006.11.23"]
[SourceQuality "1"]

1. e4 c5 2. c3 Nf6 3. e5 Nd5 4. d4 cxd4 5. cxd4 d6 6. Bc4 Nb6 7. Bb5+ Bd7 8. e6 fxe6 9. Bd3 g6 10. h4 Bc6 11. Qg4 Qd7 12. h5 gxh5 13. Rxh5 Nd5 14. Rxh7 Rxh7 15. Bxh7 Nf6 16. Qg6+ Kd8 17. Qf7 Nxh7 18. Qxh7 Na6 19. Nc3 Kc7 20. g4 e5 21. dxe5 Qe6 22. Qf5 Qxe5+ 23. Qxe5 dxe5 24. Be3 Rd8 25. Rd1 Rd6 26. a3 b6 27. b4 Nb8 28. f4 1/2-1/2

[Event "Niedersachsen-ch U12"]
[Site "Rotenburg/Wuemme"]
[Date "2006.04.09"]
[Round "3"]
[White "Schreiner, Till"]
[Black "Kusmierek, Kasper Jan"]
[Result "0-1"]
[WhiteElo "1516"]
[BlackElo "1564"]
[PlyCount "86"]
[EventDate "2006.04.08"]
[EventType "swiss"]
[EventRounds "11"]
[EventCountry "GER"]
[SourceTitle "EXT 2007"]
[Source "ChessBase"]
[SourceDate "2006.11.23"]
[SourceVersion "1"]
[SourceVersionDate "2006.11.23"]
[SourceQuality "1"]

1. d4 Nf6 2. c4 g6 3. Nc3 Bg7 4. e4 d6 5. f3 0-0 6. Be3 Nbd7 7. Qd2 Re8 8. 0-0-0 b6 9. Nge2 c5 10. d5 a6 11. g4 Ne5 12. Ng1 Qc7 13. h4 Bd7 14. h5 b5 15. Bh6 Reb8 16. Bxg7 Kxg7 17. hxg6 fxg6 18. Qh6+ Kg8 19. Be2 b4 20. Nb1 Qa5 21. Nh3 Nf7 22. Qh4 Qxa2 23. g5 Nh5 24. Nf4 Qb3 25. Nxh5 Qe3+ 26. Rd2 gxh5 27. Qg3 Kh8 28. Rxh5 Rg8 29. Kd1 Rxg5 30. Rxg5 Qxg5 31. Qxg5 Nxg5 32. Rd3 Ba4+ 33. b3 Bd7 34. Nd2 Rf8 35. Ke1 Nh3 36. Nf1 Nf4 37. Rd1 h5 38. Ra1 Bc8 39. Ng3 h4 40. Nf1 Rg8 41. Ne3 Rg1+ 42. Nf1 h3 43. Kf2 Rg2+ 0-1